[Event "Staufer op 25th"]
[Site "Schwaebisch Gmuend"]
[Date "2013.01.06"]
[Round "9"]
[White "Bingert, Tim Niklas"]
[Black "Erker, Thomas"]
[Result "1/2-1/2"]
[WhiteElo "1973"]
[BlackElo "2119"]
[PlyCount "61"]
[EventDate "2013.01.02"]
[EventType "swiss"]
[EventRounds "9"]
[EventCountry "GER"]
[SourceTitle "CBM 152 Extra"]
[Source "ChessBase"]
[SourceDate "2013.02.25"]
[SourceVersion "1"]
[SourceVersionDate "2013.02.25"]
[SourceQuality "1"]

1. e4 e5 2. Nf3 Nc6 3. Bb5 a6 4. Ba4 Nf6 5. d3 Bc5 6. c3 d6 7. 0-0 0-0 8. Bg5 h6 9. Bh4 Bb6 10. Nbd2 g5 11. Bg3 Ne7 12. d4 exd4 13. Nxd4 Bg4 14. f3 Be6 15. Bf2 Ng6 16. Bb3 Qd7 17. Nc4 Ba7 18. Ne3 Kh7 19. Qd2 Ne7 20. Rad1 Rad8 21. e5 dxe5 22. Nxe6 Qxd2 23. Nxf8+ Kg8 24. Rxd2 Rxd2 25. Ne6 fxe6 26. Bxe6+ Kf8 27. Nc4 Bxf2+ 28. Rxf2 Rd1+ 29. Rf1 Rxf1+ 30. Kxf1 e4 31. fxe4 1/2-1/2

[Event "Staufer op 23rd"]
[Site "Leinzell"]
[Date "2011.01.05"]
[Round "8"]
[White "Erker, Thomas"]
[Black "Metz, Hartmut"]
[Result "0-1"]
[WhiteElo "2134"]
[BlackElo "2293"]
[PlyCount "80"]
[EventDate "2011.01.02"]
[EventType "swiss"]
[EventRounds "9"]
[EventCountry "GER"]
[SourceTitle "CBM 140 Extra"]
[Source "ChessBase"]
[SourceDate "2011.03.01"]
[SourceVersion "1"]
[SourceVersionDate "2011.03.01"]
[SourceQuality "1"]

1. e4 e6 2. d4 d5 3. Nc3 Bb4 4. e5 c5 5. a3 Bxc3+ 6. bxc3 Ne7 7. Qg4 Kf8 8. a4 Nbc6 9. Nf3 Qa5 10. Bd2 c4 11. Be2 Bd7 12. 0-0 h6 13. Qh3 Ke8 14. Rfb1 b6 15. g4 Kd8 16. Rb5 Qa6 17. Bc1 Kc8 18. Rbb1 Ng6 19. Ne1 Kb7 20. Qf3 Be8 21. Ba3 Rc8 22. Bd6 Ka8 23. Ng2 Rg8 24. Ne3 Nd8 25. h3 Bc6 26. Kh2 Qb7 27. a5 b5 28. a6 Qd7 29. Ra5 f6 30. Qg3 Nf7 31. Ng2 Rgd8 32. Bc5 fxe5 33. dxe5 Nfxe5 34. Bd4 Nf7 35. Bxg7 e5 36. Nh4 Nxh4 37. Qxh4 d4 38. Rg1 e4 39. Bxd4 Qc7+ 40. Qg3 Qxa5 0-1

[Event "Staufer op 23rd"]
[Site "Leinzell"]
[Date "2011.01.05"]
[Round "7"]
[White "Kabisch, Thilo"]
[Black "Erker, Thomas"]
[Result "0-1"]
[WhiteElo "2320"]
[BlackElo "2134"]
[PlyCount "112"]
[EventDate "2011.01.02"]
[EventType "swiss"]
[EventRounds "9"]
[EventCountry "GER"]
[SourceTitle "CBM 140 Extra"]
[Source "ChessBase"]
[SourceDate "2011.03.01"]
[SourceVersion "1"]
[SourceVersionDate "2011.03.01"]
[SourceQuality "1"]

1. e4 e5 2. Nf3 Nc6 3. Bb5 a6 4. Ba4 Nf6 5. 0-0 Nxe4 6. d4 exd4 7. Re1 d5 8. Nxd4 Bd6 9. Nxc6 Bxh2+ 10. Kf1 Qh4 11. Qd4 0-0 12. Nc3 Bg4 13. Bg5 Qxg5 14. Nxe4 dxe4 15. Rxe4 Be6 16. Ne5 Rad8 17. Qe3 Qxe3 18. Rxe3 Bf4 19. Re4 Bxe5 20. Rxe5 Rd2 21. Rc5 c6 22. Re1 Rfd8 23. Rc3 Bxa2 24. Bb3 Bxb3 25. Rxb3 R2d7 26. g3 f6 27. Rb6 Rc7 28. Re4 Rd5 29. c4 Rd2 30. Re8+ Kf7 31. Rb8 Rdd7 32. Rb3 h6 33. Kg2 Ke6 34. Re3+ Kd6 35. b4 c5 36. bxc5+ Kxc5 37. Rc3 Kb4 38. Rc1 Rxc4 39. Rb1+ Kc3 40. R8xb7 Rxb7 41. Rxb7 a5 42. Rxg7 a4 43. Rf7 a3 44. Rxf6 Ra4 45. Rc6+ Kb3 46. Rxh6 a2 47. Rh1 a1Q 48. Rxa1 Rxa1 49. Kf3 Kc4 50. Ke4 Kc5 51. f4 Kd6 52. Kf5 Ke7 53. g4 Kf7 54. Kg5 Ra5+ 55. f5 Ra4 56. Kh5 Kf6 0-1

[Event "Staufer op 23rd"]
[Site "Leinzell"]
[Date "2011.01.02"]
[Round "3"]
[White "Erker, Thomas"]
[Black "Welling, Gerard J"]
[Result "1-0"]
[WhiteElo "2134"]
[BlackElo "2317"]
[PlyCount "113"]
[EventDate "2011.01.02"]
[EventType "swiss"]
[EventRounds "9"]
[EventCountry "GER"]
[SourceTitle "CBM 140 Extra"]
[Source "ChessBase"]
[SourceDate "2011.03.01"]
[SourceVersion "1"]
[SourceVersionDate "2011.03.01"]
[SourceQuality "1"]

1. e4 e5 2. Nf3 Nc6 3. Bb5 a6 4. Ba4 d6 5. d3 Bd7 6. Qe2 Nge7 7. Nc3 h6 8. 0-0 g5 9. Nd5 Ng6 10. g3 Bg7 11. c3 Bh3 12. Re1 0-0 13. Nd2 Nce7 14. Nxe7+ Qxe7 15. Nf1 Qf6 16. Ne3 Nf4 17. gxf4 gxf4 18. Qh5 fxe3 19. Rxe3 Be6 20. Rg3 Kh7 21. Bg5 Qg6 22. Qh4 Qxg5 23. Rxg5 Bf6 24. f4 exf4 25. Qxf4 Bxg5 26. Qf2 f5 27. Qe2 f4 28. Rf1 f3 29. Rxf3 Rxf3 30. Qxf3 Rg8 31. Kh1 Rg7 32. Bb3 Bd7 33. d4 Bc1 34. h4 Rg4 35. Qf7+ Rg7 36. Qf3 Rg4 37. Qf7+ Rg7 38. Qf1 Be3 39. Qf3 Bc1 40. Qf1 Be3 41. Qf3 Bc1 42. e5 dxe5 43. dxe5 Bxb2 44. e6 Bc6 45. Bd5 Bxd5 46. Qxd5 Ba3 47. Qxb7 Bd6 48. Qxa6 Rg4 49. Qd3+ Kg7 50. h5 Rh4+ 51. Kg2 Rxh5 52. Qf3 Re5 53. Qf7+ Kh8 54. a4 Rg5+ 55. Kf1 Rg7 56. Qf6 Kh7 57. a5 1-0

[Event "Staufer op 21st"]
[Site "Schwaebisch Gmuend"]
[Date "2009.01.04"]
[Round "5"]
[White "Vuckovic, Aleksandar"]
[Black "Erker, Thomas"]
[Result "1-0"]
[WhiteElo "2339"]
[BlackElo "2145"]
[PlyCount "63"]
[EventDate "2009.01.02"]
[EventType "swiss"]
[EventRounds "9"]
[EventCountry "GER"]
[SourceTitle "CBM 128 Extra"]
[Source "ChessBase"]
[SourceDate "2009.03.05"]
[SourceVersion "2"]
[SourceVersionDate "2009.03.25"]
[SourceQuality "1"]

1. e4 e5 2. Nf3 Nc6 3. d4 exd4 4. Nxd4 Bc5 5. Nb3 Bb6 6. Nc3 Qf6 7. Qe2 Nge7 8. Be3 0-0 9. 0-0-0 d6 10. f3 Be6 11. h4 Rfe8 12. g4 Ne5 13. Nd2 Bxe3 14. Qxe3 Bxg4 15. Bb5 Bd7 16. f4 N5c6 17. Qg3 a6 18. Bd3 Nb4 19. Rdg1 Ng6 20. Rf1 h6 21. h5 Ne7 22. Rhg1 Nxd3+ 23. cxd3 g6 24. hxg6 fxg6 25. e5 dxe5 26. fxe5 Qg5 27. Qe1 Qh5 28. Nde4 Rf8 29. Nf6+ Rxf6 30. exf6 Nf5 31. Rxf5 Qxf5 32. Qe7 1-0

[Event "Staufer op 21st"]
[Site "Schwaebisch Gmuend"]
[Date "2009.01.03"]
[Round "3"]
[White "Welling, Gerard J"]
[Black "Erker, Thomas"]
[Result "1-0"]
[WhiteElo "2371"]
[BlackElo "2145"]
[PlyCount "38"]
[EventDate "2009.01.02"]
[EventType "swiss"]
[EventRounds "9"]
[EventCountry "GER"]
[SourceTitle "CBM 128 Extra"]
[Source "ChessBase"]
[SourceDate "2009.03.05"]
[SourceVersion "2"]
[SourceVersionDate "2009.03.25"]
[SourceQuality "1"]

1. e4 e5 2. Nc3 Nf6 3. Bc4 Nxe4 4. Qh5 Nd6 5. Bb3 Nc6 6. Nb5 g6 7. Qf3 Nf5 8. g4 a6 9. gxf5 axb5 10. fxg6 Qe7 11. gxf7+ Kd8 12. Ne2 d6 13. Rg1 h6 14. Rg8 Rh7 15. d3 Na5 16. Rxf8+ Qxf8 17. Qf6+ Kd7 18. Qf5+ Kc6 19. Qxh7 Nxb3 1-0

[Event "Hohenloher op 10th"]
[Site "Forchtenberg"]
[Date "2003.06.19"]
[Round "2"]
[White "Meijers, Viesturs"]
[Black "Erker, Thomas"]
[Result "1-0"]
[WhiteElo "2512"]
[BlackElo "2135"]
[PlyCount "61"]
[EventDate "2003.06.19"]
[EventType "swiss"]
[EventRounds "7"]
[EventCountry "GER"]
[SourceTitle "EXT 2004"]
[Source "ChessBase"]
[SourceDate "2003.11.25"]
[SourceVersion "1"]
[SourceVersionDate "2003.11.25"]
[SourceQuality "1"]

1. e4 e5 2. Nf3 Nc6 3. Bb5 a6 4. Bxc6 dxc6 5. 0-0 Bg4 6. h3 Bh5 7. d3 Qf6 8. Nbd2 Ne7 9. Nc4 Bxf3 10. Qxf3 Qxf3 11. gxf3 Ng6 12. Be3 f6 13. Rfd1 c5 14. Kf1 Bd6 15. Ke2 Kf7 16. c3 b6 17. Rac1 Rhd8 18. d4 exd4 19. cxd4 Nf4+ 20. Kf1 Nxh3 21. e5 fxe5 22. dxe5 Be7 23. f4 g5 24. f5 Rxd1+ 25. Rxd1 Rd8 26. Re1 Nf4 27. Bxf4 gxf4 28. Kg2 b5 29. Na5 c4 30. Nc6 Rd2 31. e6+ 1-0

[Event "Staufer op 14th"]
[Site "Schwaebisch Gmuend"]
[Date "2002.??.??"]
[Round "2"]
[White "Bunzmann, Dimitrij"]
[Black "Erker, Thomas"]
[Result "1-0"]
[WhiteElo "2469"]
[BlackElo "2120"]
[PlyCount "33"]
[EventDate "2002.02.??"]
[EventType "swiss"]
[EventRounds "9"]
[EventCountry "GER"]
[SourceTitle "EXT 2003"]
[Source "ChessBase"]
[SourceDate "2002.11.25"]
[SourceVersion "1"]
[SourceVersionDate "2002.11.25"]
[SourceQuality "1"]

1. d4 f5 2. c4 g6 3. h4 Nf6 4. Nc3 d6 5. h5 Nxh5 6. e4 Nf6 7. Bd3 fxe4 8. Nxe4 Be6 9. Nxf6+ exf6 10. Bxg6+ hxg6 11. Rxh8 Bxc4 12. Bh6 Qe7+ 13. Kd2 Nd7 14. Qc2 0-0-0 15. Qxc4 Bxh6+ 16. Rxh6 f5 17. Nf3 1-0

[Event "Passau op 8th"]
[Site "Passau"]
[Date "2000.04.23"]
[Round "6"]
[White "Schneider, Heiko"]
[Black "Erker, Thomas"]
[Result "1-0"]
[WhiteElo "2259"]
[BlackElo "2065"]
[PlyCount "73"]
[EventDate "2000.04.21"]
[EventType "swiss"]
[EventRounds "7"]
[EventCountry "GER"]
[SourceTitle "CBM 076 Extra"]
[Source "ChessBase"]
[SourceDate "2000.07.11"]
[SourceVersion "1"]
[SourceVersionDate "2000.07.11"]
[SourceQuality "1"]

1. e4 e5 2. Nf3 Nc6 3. d4 exd4 4. Nxd4 Bc5 5. Nb3 Bb6 6. a4 Qh4 7. Qe2 a6 8. a5 Ba7 9. Nc3 d6 10. g3 Qd8 11. Nd5 h6 12. Be3 Bxe3 13. Qxe3 Nf6 14. Bg2 Be6 15. 0-0 0-0 16. c4 Ng4 17. Qc3 f5 18. Nf4 Qd7 19. e5 Kh7 20. Rad1 Qf7 21. Nxe6 Qxe6 22. exd6 cxd6 23. Nd4 Qd7 24. Rfe1 Rae8 25. Bd5 Nge5 26. f4 Nxd4 27. Qxd4 Nc6 28. Qd2 Rxe1+ 29. Rxe1 Re8 30. Kf2 Re7 31. b4 Qe8 32. Rxe7 Qxe7 33. b5 Nd8 34. Qe3 Qf6 35. Qe8 axb5 36. Bg8+ Kh8 37. Bf7+ 1-0

[Event "Passau op 8th"]
[Site "Passau"]
[Date "2000.04.21"]
[Round "2"]
[White "Loos, Stephan"]
[Black "Erker, Thomas"]
[Result "1-0"]
[WhiteElo "2226"]
[BlackElo "2065"]
[PlyCount "81"]
[EventDate "2000.04.21"]
[EventType "swiss"]
[EventRounds "7"]
[EventCountry "GER"]
[SourceTitle "CBM 076 Extra"]
[Source "ChessBase"]
[SourceDate "2000.07.11"]
[SourceVersion "1"]
[SourceVersionDate "2000.07.11"]
[SourceQuality "1"]

1. d4 f5 2. g3 g6 3. Bg2 Nf6 4. Nf3 Bg7 5. 0-0 0-0 6. c4 d6 7. Nc3 Nc6 8. d5 Ne5 9. Nxe5 dxe5 10. e4 f4 11. gxf4 exf4 12. e5 Ng4 13. e6 Ne5 14. Qb3 f3 15. Bh3 g5 16. Re1 Qe8 17. Ne4 Qh5 18. Bf1 g4 19. Qe3 c6 20. Qg5 Qxg5 21. Bxg5 cxd5 22. cxd5 Rd8 23. Bxe7 Rxd5 24. Nf6+ Bxf6 25. Bxf6 Bxe6 26. Rxe5 Rxe5 27. Bxe5 Rd8 28. b3 a6 29. Bc4 Bxc4 30. bxc4 Rd2 31. c5 Rd5 32. Bd6 b6 33. Rc1 bxc5 34. Bxc5 Rd2 35. a3 h5 36. h3 Kf7 37. hxg4 hxg4 38. Kh2 Ke6 39. Kg3 Kf5 40. Rc4 Rd1 41. Rf4+ 1-0